[Event "Heraklion Gazi op"]
[Site "Heraklion"]
[Date "2006.09.04"]
[Round "5"]
[White "Chnaras, Fivos"]
[Black "Fragiadakis, Emanouel"]
[Result "0-1"]
[WhiteElo "1225"]
[BlackElo "1865"]
[PlyCount "46"]
[EventDate "2006.08.31"]
[EventType "swiss"]
[EventRounds "7"]
[EventCountry "GRE"]
[SourceTitle "EXT 2008"]
[Source "ChessBase"]
[SourceDate "2007.11.25"]
[SourceVersion "1"]
[SourceVersionDate "2007.11.25"]
[SourceQuality "1"]

1. d4 Nf6 2. c4 e6 3. Nc3 Bb4 4. Bg5 h6 5. Bxf6 Qxf6 6. e3 c5 7. Nf3 0-0 8. Be2 Nc6 9. 0-0 cxd4 10. Nxd4 Nxd4 11. Qxd4 Qxd4 12. exd4 Bxc3 13. bxc3 b6 14. Rfe1 Ba6 15. Rab1 Rac8 16. Rb4 d5 17. cxd5 Bxe2 18. Rxe2 Rxc3 19. g3 exd5 20. a4 Rfc8 21. a5 R3c4 22. Rxc4 dxc4 23. axb6 axb6 0-1

[Event "Heraklion Gazi op"]
[Site "Heraklion"]
[Date "2006.09.03"]
[Round "4"]
[White "Labrakis, Pavlos"]
[Black "Chnaras, Fivos"]
[Result "1/2-1/2"]
[WhiteElo "1210"]
[BlackElo "1225"]
[PlyCount "94"]
[EventDate "2006.08.31"]
[EventType "swiss"]
[EventRounds "7"]
[EventCountry "GRE"]
[SourceTitle "EXT 2008"]
[Source "ChessBase"]
[SourceDate "2007.11.25"]
[SourceVersion "1"]
[SourceVersionDate "2007.11.25"]
[SourceQuality "1"]

1. e4 e5 2. Nf3 Nc6 3. Bc4 Bc5 4. d3 Nf6 5. Nc3 h6 6. 0-0 d6 7. h3 Be6 8. Bb3 0-0 9. Be3 Bb6 10. Re1 Ba5 11. Bd2 Bb6 12. Ne2 Qd7 13. Ng3 Ne7 14. Bc3 Ng6 15. d4 exd4 16. Nxd4 Bxb3 17. axb3 Ne5 18. Kh1 Nc6 19. Qd2 Nxd4 20. Bxd4 Bxd4 21. Qxd4 a6 22. Rad1 Qc6 23. Qd3 Qb5 24. Qf3 Qb4 25. e5 dxe5 26. Rxe5 Rfe8 27. Re3 Rxe3 28. Qxe3 Re8 29. Qd2 Qxd2 30. Rxd2 Re1+ 31. Kh2 Ne4 32. Rd8+ Kh7 33. Re8 Rc1 34. Nxe4 Rxc2 35. Re7 f5 36. Ng3 Rxf2 37. Kg1 Rxb2 38. Nxf5 Rb1+ 39. Kh2 Kg6 40. Nxg7 Rxb3 41. Rxc7 Re3 42. Rxb7 a5 43. Nh5 Kxh5 44. Rb5+ Kg6 45. Rxa5 Rc3 46. h4 h5 47. Rg5+ Kh6 1/2-1/2

[Event "Heraklion Gazi op"]
[Site "Heraklion"]
[Date "2006.09.02"]
[Round "3"]
[White "Chnaras, Fivos"]
[Black "Chnara, Maria Danai"]
[Result "1/2-1/2"]
[WhiteElo "1225"]
[BlackElo "1000"]
[PlyCount "114"]
[EventDate "2006.08.31"]
[EventType "swiss"]
[EventRounds "7"]
[EventCountry "GRE"]
[SourceTitle "EXT 2008"]
[Source "ChessBase"]
[SourceDate "2007.11.25"]
[SourceVersion "1"]
[SourceVersionDate "2007.11.25"]
[SourceQuality "1"]

1. d4 d5 2. c4 e6 3. Nc3 Nf6 4. Bg5 c5 5. e3 Nc6 6. Nf3 h6 7. Bxf6 Qxf6 8. cxd5 cxd4 9. exd4 exd5 10. Nxd5 Qe6+ 11. Qe2 Qxe2+ 12. Bxe2 Bb4+ 13. Nxb4 Nxb4 14. 0-0 Bg4 15. h3 Bh5 16. g4 Bg6 17. a3 Nd5 18. Ne5 Nf4 19. Bb5+ Kd8 20. Nxg6 Nxg6 21. f4 a6 22. Bc4 Rc8 23. Bxf7 Ne7 24. Rac1 Rxc1 25. Rxc1 Rf8 26. Be6 Rxf4 27. Rd1 Re4 28. d5 Re5 29. Bf7 Kd7 30. d6 Nc8 31. Bd5 b6 32. Bc6+ Kd8 33. d7 Na7 34. Bb7 Re7 35. Bxa6 Rxd7 36. Rxd7+ Kxd7 37. Kf2 Kc6 38. Bd3 Kc5 39. Ke3 Nc6 40. b4+ Kd6 41. Ke4 g6 42. h4 Ne5 43. Be2 Ke6 44. a4 Kd6 45. a5 bxa5 46. bxa5 Nc6 47. a6 Na7 48. h5 gxh5 49. gxh5 Ke6 50. Bg4+ Kf7 51. Kd5 Ke7 52. Kc5 Kd8 53. Kb6 Nb5 54. Kxb5 Kc7 55. Bf3 Kd6 56. a7 Ke6 57. a8Q Kf5 1/2-1/2

[Event "Heraklion Gazi op"]
[Site "Heraklion"]
[Date "2006.08.31"]
[Round "1"]
[White "Chnaras, Fivos"]
[Black "Kounalakis, Evryklis"]
[Result "0-1"]
[WhiteElo "1225"]
[BlackElo "2120"]
[PlyCount "44"]
[EventDate "2006.08.31"]
[EventType "swiss"]
[EventRounds "7"]
[EventCountry "GRE"]
[SourceTitle "EXT 2008"]
[Source "ChessBase"]
[SourceDate "2007.11.25"]
[SourceVersion "1"]
[SourceVersionDate "2007.11.25"]
[SourceQuality "1"]

1. d4 d5 2. c4 c6 3. Nc3 Nf6 4. Bg5 dxc4 5. e3 b5 6. Bxf6 gxf6 7. Nxb5 cxb5 8. Qf3 Nc6 9. Qxc6+ Bd7 10. Qe4 Qa5+ 11. Kd1 Rc8 12. Ne2 Bg7 13. g3 f5 14. Qc2 Bc6 15. Rg1 Be4 16. Qd2 b4 17. Rc1 0-0 18. g4 f4 19. Nxf4 c3 20. Qe2 Bf3 21. Qxf3 cxb2 22. Rb1 Qa4+ 0-1